| 000 | 00614nam a22001937a 4500 | ||
|---|---|---|---|
| 003 | OSt | ||
| 005 | 20160614172555.0 | ||
| 008 | 160614s2016 sp |||| 0 spa|d | ||
| 020 | _a9788437635118 | ||
| 040 |
_bcat _cCDMR |
||
| 100 | 1 | _aCalleja, José María | |
| 245 | 1 | 0 |
_aCómo informar sobre la violencia machista _cJosé María Calleja |
| 260 |
_aMadrid : _bCátedra, _c2016 |
||
| 300 |
_a163 p. ; _c21 cm |
||
| 650 | 0 | 4 |
_aViolència en els mitjans de comunicació de massa _92772 |
| 650 | 0 |
_aSexisme en els mitjans de comunicació de massa _93769 |
|
| 650 | 0 |
_aPeriodisme--Manuals d'estil _93772 |
|
| 942 | _cMON | ||
| 999 |
_c6939 _d6939 |
||